| 000 | 01220naa a22003257a 4500 | ||
|---|---|---|---|
| 001 | BR8708571 | ||
| 003 | BR-BrBNA | ||
| 005 | 20250721154549.0 | ||
| 007 | ta | ||
| 008 | 250630b bl.|||m| |||| 00| 0 por d | ||
| 040 |
_aBR-BrBNA _bpor _cBiblioteca Nacional de Agricultura |
||
| 041 | _a(Pt) | ||
| 072 |
_aH20 _b0180 _b4120 _b3875 |
||
| 090 | _aH20 BR8708571 | ||
| 100 | 1 | _aAoki, R.T. | |
| 100 | 1 | _aSouza, E.B. de | |
| 100 | 1 | _aIkuma, E.S. | |
| 111 | 1 |
_a3. Reuniao da Comissao Centro-Sul-Brasileira de Pesquisa de Trigo _cCascavel, PR (Brazil) _d19-23 Jan 1987 |
|
| 245 | 1 | _aPesquisas nao vinculadas. 3. Avaliacao de cultivares de trigo com e sem aplicacao de fungicidas | |
| 500 | _aResultados de pesquisas com trigo - 1986 Dourados, MS (Brasil): 1987. p. 148-150 (BR8708571-AMS) | ||
| 773 | 0 |
_tResultados de pesquisas com trigo - 1986 _wH20 BR8708571 _gDourados, MS (Brasil), 1987. p. 148-150 |
|
| 650 | _aTRIGO | ||
| 650 | _aFERRUGEM | ||
| 650 | _aVARIEDADE RESISTENTE | ||
| 650 | _aFUNGICIDA | ||
| 650 | _aCONTROLE QUIMICO | ||
| 490 |
_aDocumentos - Unidade de Execucao de Pesquisa de Ambito Estadual de Dourados (Brazil) _vno. 28 |
||
| 942 |
_cAMS _2AGRIS |
||
| 909 |
_a202506 _bLúcia _c55 _dLúcia Elande |
||
| 999 |
_c335676 _d335676 |
||